Introducción al estudio del derecho procesal : primera parte /

Guardado en:
Autor Principal: Alvarado Velloso, Adolfo
Formato: Libro
Idioma:Spanish
Publicado: Santa Fe : Rubinzal Culzoni, 1997.
Edición:1a. ed. reimp.
Materias:
Etiquetas: Agregar Etiqueta
Sin Etiquetas, Sea el primero en etiquetar este registro!
LEADER 00517nam a22001575a 4500
001 DER.der013004
008 180615s1997####ag#||||||||||||||#||spa||
005 20250812120109.0
245 1 0 |a Introducción al estudio del derecho procesal :  |b primera parte /  |c Adolfo Alvarado Velloso. 
250 |a 1a. ed. reimp. 
260 |a Santa Fe :  |b Rubinzal Culzoni,  |c 1997. 
300 |a 310 p. 
020 |a 9509163929 
100 1 |a Alvarado Velloso, Adolfo 
650 7 |a DERECHO PROCESAL CIVIL 
859 |a DERECHO  |b BIB. DERECHO  |h 347.05  |i ALV  |p 002745  |3 1